000 00482nam a2200181Ia 4500
003 GCL
008 140319s9999 xx 000 0 eng d
040 _aGCL /
_cGCL
082 0 4 _a621.3815
_bF D
100 1 _aFLOYD, THOMAS L.
245 1 0 _aDIGITAL FUNDAMENTALS /
_cFLOYD, THOMAS L.
260 _a[S.N] :
_bMACMILLAN PUBLISHING COMPANY ،
_c1994
300 _a881
650 0 4 _aLOGIC CIRCUITS
650 0 4 _aDIGITAL ELECTRONICS
650 0 4 _aDIGITAL CIRCUITS
942 _2ddc
_cBK
999 _c15925
_d15925